000 01060nam a22002657a 4500
005 20180209140305.0
008 131126b xxu||||| |||| 00| 0pun d
010 _aPUN- B-577803-806 B-669883
020 _c250.00
_a9789351132462
035 _aPN- B-577803-806
035 _aB-669883
037 _bDBAD / PUB
037 _bUnistar Books
040 _adpl
_bpn
082 _a181.499
100 _aਓਸ਼ੋ
245 _aਜੀਵਨ ਰਹੱਸ /
_cਓਸ਼ੋ
246 _aJeewan rahas
_bby Osho
260 _aChandigarh
_bUnistar Books
_c2013
270 _bChandigarh
_asco-26,27, Sector-34A
_k0172-5077427
300 4 _a264p.
_c22ਸੇਂਮੀ (ਅਜਿਲੱਦ)
942 _2ddc
_cPN
_h181.499
_mਓਸ਼ੋਜੀ
999 _c88955
_d88955